| 000 | 00726nam a2200205Ia 4500 | ||
|---|---|---|---|
| 008 | 150520s9999 xx 000 0 und d | ||
| 050 | _aQP 34.5 | ||
| 050 | _b.B813 2015 | ||
| 100 | _aBragais. Anthony G. | ||
| 245 | 4 | _aThe effectiveness of the fruit of capsicum frutescens (bird chili pepper) in inhibiting the growth of candida albicans / | |
| 245 | _cAnthony G. Bragais, Juan Carlo M. Cham, carlo R. Divina, Denette Riezvy J. Ruga, Marianne Rae B. Trinidad . | ||
| 260 | _aLas PiƱas, Philippines : | ||
| 260 | _bSISC, | ||
| 260 | _c2015. | ||
| 300 | _a96 pages : | ||
| 300 | _bcolor illustrations ; | ||
| 300 | _c28 cm. | ||
| 500 | _aIncludes bibliographical references and appendices. | ||
| 650 | _aPepper | ||
| 999 |
_c284049 _d284049 |
||